000 00490nam a2200169Ia 4500
008 090711s9999 xx 000 0 und d
082 _b73421
100 _aघनवटकर सुधीर
245 _aउगवती पूर्व
260 _c1993
300 _a98
600 _aघनवटकर सुधीर
630 _aउगवती पूर्व
700 _aघनवटकर सुधीर
730 _aउगवती पूर्व
942 _cBOOK
999 _c291765
_d291765